00543nam a2200193Ia 4500008004100000041001200041082001200053100004700065245004600112260003500158300000800193365000800201520001200209546001200221630004600233650001200279655001200291730004600303101110s9999 xx 000 0 und d aENGLISH bSR33317 aBhole K.G.; Shroff Adarsh, Ranade Abhay J. aA new course in physics Volume - I, FYBSc c2009bSheth Publishers, Mumbai a269 b125 aPhysics aENGLISH aA new course in physics Volume - I, FYBSc aPhysics aPhysics aA new course in physics Volume - I, FYBSc